Математические методы решения задач электродинамики (Запись № 12227718)

Подробности
000 -МАРКЕР
контрольное поле 02061nam0a2200301 i 4500
001 - ИДЕНТИФИКАТОР ЗАПИСИ
контрольное поле RU\NLR\BIBL_A\011263106
005 - ИДЕНТИФИКАТОР ВЕРСИИ
контрольное поле 20260405183919.0
010 ## - МЕЖДУНАРОДНЫЙ СТАНДАРТНЫЙ НОМЕР КНИГИ (ISBN)
Номер (ISBN) 9785783113321
Тираж 150
021 ## - НОМЕР ГОСУДАРСТВЕННОЙ РЕГИСТРАЦИИ
Код страны Российская Федерация
Номер 2016-81159
Номер Листа государственной регистраци 5299
035 ## - ДРУГИЕ СИСТЕМНЫЕ НОМЕРА
Идентификатор записи (NLR Aleph) 011263106
100 ## - ДАННЫЕ ОБЩЕЙ ОБРАБОТКИ
Данные общей обработки 20161108d2015 u y0rusy50 ca
101 0# - ЯЗЫК РЕСУРСА
Язык текста, звукозаписи и т.д. русский
102 ## - СТРАНА ПУБЛИКАЦИИ ИЛИ ПРОИЗВОДСТВА
Страна публикации Российская Федерация
105 ## - ПОЛЕ КОДИРОВАННЫХ ДАННЫХ: ТЕКСТОВЫЕ МАТЕРИАЛЫ, МОНОГРАФИЧЕСКИЕ
Кодированные данные о монографическом текстовом документе y z 000zy
200 1# - ЗАГЛАВИЕ И СВЕДЕНИЯ ОБ ОТВЕТСТВЕННОСТИ
Основное заглавие Математические методы решения задач электродинамики
Сведения, относящиеся к заглавию учебное пособие
-- для студентов высшего профессионального образования, обучающихся по направлению подготовки 18.03.02 "Энерго- и ресурсосберегающие процессы в химической технологии и биотехнологии"
Первые сведения об ответственности Н.С. Шулаев, Т.В. Григорьева, Е.А. Муравьева [и др.]
Последующие сведения об ответственности М-во образования и науки Рос. Федерации, Федер. гос. бюджет. образоват. учреждение высш. проф. образования "Уфим. гос. нефтяной техн. ун-т", Фил. УГНТУ в г. Стерлитамаке
210 ## - ПУБЛИКАЦИЯ, РАСПРОСТРАНЕНИЕ И ДР.
Место издания, распространения и т.д. Уфа
Имя издателя, распространителя и т. д. УГНТУ
Дата издания, распространения и т.д. 2015
215 ## - ФИЗИЧЕСКАЯ ХАРАКТЕРИСТИКА
Специфическое обозначение материала и объем 87 с.
Другие сведения о физической характеристике ил.
Размеры 21
320 ## - ПРИМЕЧАНИЯ О НАЛИЧИИ В ДОКУМЕНТЕ БИБЛИОГРАФИИ / УКАЗАТЕЛЯ
Текст примечания Библиогр.: с. 86-87 (27 назв.)
606 ## - НАИМЕНОВАНИЕ ТЕМЫ КАК ПРЕДМЕТ
Наименование темы Векторный анализ
Формальный подзаголовок Учебные издания для высших учебных заведений
Тематический подзаголовок Применение в электродинамике
Системный номер авторитетной/нормативной записи 2583040
Идентификатор авторитетной/нормативной записи RU\NLR\AUTH\661526881
686 1# - ИНДЕКСЫ ДРУГИХ КЛАССИФИКАЦИЙ
Индекс В313.2я73-1
701 #1 - ИМЯ ЛИЦА - АЛЬТЕРНАТИВНАЯ ОТВЕТСТВЕННОСТЬ
Начальный элемент ввода Шулаев
Часть имени, кроме начального элемента ввода Н. С.
Расширение инициалов личного имени Николай Сергеевич
701 #1 - ИМЯ ЛИЦА - АЛЬТЕРНАТИВНАЯ ОТВЕТСТВЕННОСТЬ
Материалы, к которым относится поле rus
Графика поля Кириллица
Начальный элемент ввода Григорьева
Часть имени, кроме начального элемента ввода Т. В.
Дополнения к именам, кроме дат канд. пед. наук, мат. методы в экономике
Расширение инициалов личного имени Тамара Владимировна
Идентификатор авторитетной/нормативной записи RU\NLR\AUTH\7780459
Системный номер авторитетной/нормативной записи 63387
701 #1 - ИМЯ ЛИЦА - АЛЬТЕРНАТИВНАЯ ОТВЕТСТВЕННОСТЬ
Начальный элемент ввода Муравьева
Часть имени, кроме начального элемента ввода Е. А.
Расширение инициалов личного имени Елена Александровна
942 ## - ДОПОЛНИТЕЛЬНЫЕ ЭЛЕМЕНТЫ ЗАПИСИ (АБИС)
Тип экземпляра АБИС Книга
980 ## - КОЛЛЕКЦИЯ
Название коллекции НБР

Нет доступных экземпляров.